| 000 | 02323nam0a2200385 4500 | ||
|---|---|---|---|
| 001 | RU\NLR\bibl\1494917 | ||
| 005 | 20260406115827.0 | ||
| 021 |
_aRU _b2010-11586 _9767 |
||
| 035 | _a(nilc)RSL-KNO-004584094 | ||
| 035 | _a(NLR Aleph) 001486430 | ||
| 090 |
_a1736038 _c1736038 |
||
| 100 | _a20100226d2009 |||y0rusy50 ca | ||
| 101 | 0 | _arus | |
| 102 | _aRU | ||
| 105 | _aa zzzz||||| | ||
| 200 | 1 |
_aАлександр Сергеевич Пушкин. 1826-1837 _eпо документам Остафьевского архива и личным воспоминаниям _fП.П. Вяземский _gМ-во культуры Российской Федерации, Гос. музей-усадьба "Остафьево" - "Русский Парнас" |
|
| 210 |
_aОстафьево _cГос. музей-усадьба "Остафьево" - "Русский Парнас" _d2009 |
||
| 215 |
_a103 с. _cил., цв. ил., портр. _d20 |
||
| 225 | 1 | _aХозяева и гости Остафьева | |
| 320 | _aБиблиогр. в примеч.: с. 68-77 | ||
| 320 | _aИмен. указ.: с. 78-81 | ||
| 600 | 1 |
_aПушкин _bА. С. _f1799 - 1837 _gАлександр Сергеевич _xБиография _92086022 _3RU\NLR\auth\661262149 |
|
| 610 | 0 | _aФилологические науки. Художественная литература -- Россия -- Русская литература -- 1-я пол. 19 в. -- Персоналии писателей -- Пушкин Александр Сергеевич (1799-1837) - писатель -- Материалы для изучения биографии и творчества писателя -- Воспоминания и записки современников | |
| 686 |
_aШ5(2=Р)51-4Пушкин А.С.14,0 _2rubbk |
||
| 686 | _aШ5(2=Р)51-4Пушкин23 | ||
| 700 | 1 |
_aВяземский _bП. П. _f1820-1888 _gПавел Петрович _4070 |
|
| 702 | 1 |
_4570 _7ca _8rus _aПушкин _bА. С. _cпоэт _f1799-1837 _gАлександр Сергеевич _9110441 _3RU\NLR\auth\77386 |
|
| 801 | 0 |
_aRU _bРГБ _c20100226 _grcr |
|
| 801 | 1 |
_aRU _bРГБ _c20100226 |
|
| 801 | 2 |
_aRU _bNLR _c20100406 _grcr |
|
| 942 | _cBOOK | ||
| 980 | _aNB | ||
| 980 | _aNBR | ||